00886nam a2200241 a 45000010005000000030010000050050017000150080041000320200015000730400025000880800020001131100042001332450057001752600072002323000020003044900056003245000043003805040025004236500033004486500052004816500059005338300052005921384BR-CuiBMT20231210042305.0231201s2008 dfb 000 0 por d a8586611220 aBR-CuiBMTcBR-CuiBMT a342.849.2220071 aBrasil.bTribunal Superior Eleitoral.10aPropaganda eleitoral /cTribunal Superior Eleitoral. aBrasília :bTSE, Secretaria de Gestão da Informação,c2008. a353 p. ;c21 cm1 aJurisprudência do TSE. Temas selecionados ;vv. 5 a"Atualização até julho de 2007". aInclui bibliografia. aCampanhas eleitoraiszBrasil aPropaganda políticaxJurisprudênciazBrasil aTribunal Superior EleitoralxDireito eleitoralzBrasil 0aJurisprudência do TSE.pTemas selecionadosv5